BUS800-Strategic Management (Record no. 5927)

MARC details
005 - DATE AND TIME OF LATEST TRANSACTION
control field 20250628093535.0
020 ## - INTERNATIONAL STANDARD BOOK NUMBER
International Standard Book Number 978-1-25-907721-0
082 ## - DEWEY DECIMAL CLASSIFICATION NUMBER
Classification number 338 BUS
111 ## - MAIN ENTRY--MEETING NAME
Meeting name or jurisdiction name as entry element RYERSON UNIVERSITY
245 ## - TITLE STATEMENT
Title BUS800-Strategic Management
260 ## - PUBLICATION, DISTRIBUTION, ETC.
Place of publication, distribution, etc. New York
Name of publisher, distributor, etc. McGraw-Hill Ryerson Limited
Date of publication, distribution, etc. 2012
300 ## - PHYSICAL DESCRIPTION
Extent ii; 523Pages
Other physical details Illustration
Dimensions 24cm
942 ## - ADDED ENTRY ELEMENTS (KOHA)
Source of classification or shelving scheme Dewey Decimal Classification
Koha item type Books
Holdings
Date last seen Total checkouts Full call number Barcode Cost, replacement price Price effective from Koha item type Lost status Source of classification or shelving scheme Damaged status Not for loan Withdrawn status Home library Current library Shelving location Date acquired Source of acquisition Cost, normal purchase price
06/28/2025   338 BUS DOM0001186 30000.00 06/28/2025 Books   Dewey Decimal Classification       CBE Dodoma CBE Dodoma General Collection 12/24/2015 DONATION 10000.00